Les temps du passé en français et leur traduction en slovaque diplomová práca

Na minha lista:
Detalhes bibliográficos
Autor principal: Fazekas, Lívia
Autor Corporativo: Fakulta aplikovaných jazykov EU v Bratislave. Katedra románskych a slovanských jazykov
Outros Autores: Melušová, Elena, 1953-
Formato: Livro
Idioma:francês
Publicado em: Bratislava 2018
Tags: Adicionar Tag
Sem tags, seja o primeiro a adicionar uma tag!

MARC

LEADER 00000nbm a2200000 4500
001 0244044
005 20181011145046.5
041 0 |a fre 
044 |a SK 
245 1 0 |a Les temps du passé en français et leur traduction en slovaque  |b diplomová práca  |c Lívia Fazekas ; školiteľ: Elena Melušová 
264 1 |a Bratislava  |c 2018 
300 |a 57 s. 
100 1 |a Fazekas, Lívia 
700 1 |a Melušová, Elena, 1953- 
710 2 |a Fakulta aplikovaných jazykov EU v Bratislave. Katedra románskych a slovanských jazykov